| 000 | 00656nam a2200205 4500 | ||
|---|---|---|---|
| 001 | 86524 | ||
| 003 | BD-RjUL | ||
| 005 | 20260520124925.0 | ||
| 008 | 260520s1952 pk ||||| |||| 00| 0 urd d | ||
| 035 | _a(BD-RjUL)86524 | ||
| 040 |
_aBD-RjUL _beng _cBD-RjUL |
||
| 041 | _aurd | ||
| 082 |
_223 _a491.507 |
||
| 100 |
_aاحمد، اقبال الدین ;; Ahmad, Iqbaluddin _918557 |
||
| 245 | 1 | 0 |
_aفارسى، اردو بول چال / Fārsī, Urdū būl chāl / _cاقبال الدین احمد ;; Iqbaluddin Ahmed |
| 264 |
_aKarachi : _bAnjuman i brathers, _c1952 |
||
| 300 |
_a92 p. ; _c17 cm |
||
| 650 |
_aUrdu Persi Learning _918558 |
||
| 942 |
_2ddc _cBK |
||
| 999 |
_c86524 _d86524 |
||